ბათუმის შოთა რუსთაველის სახელმწიფო უნივერსიტეტის ბიბლიოთეკა

Brilliant Graduate Career Handbook (ბიბ.ჩანაწერი № 51455)

000 -LEADER
fixed length control field 00612nam a2200241Ia 4500
001 - CONTROL NUMBER
control field 18441
003 - CONTROL NUMBER IDENTIFIER
control field GE_BSU
008 - FIXED-LENGTH DATA ELEMENTS--GENERAL INFORMATION
fixed length control field 181216s||||||||xx |||||||||||||| ||und||
020 ## - INTERNATIONAL STANDARD BOOK NUMBER
International Standard Book Number 9781447921998
040 ## - CATALOGING SOURCE
Transcribing agency GE_BSU
080 ## - UNIVERSAL DECIMAL CLASSIFICATION NUMBER
Universal Decimal Classification number 331
100 ## - MAIN ENTRY--PERSONAL NAME
Personal name Done,J., Mulvey,R.
245 ## - TITLE STATEMENT
Title Brilliant Graduate Career Handbook
245 ## - TITLE STATEMENT
Remainder of title What you need to know and how to do it
250 ## - EDITION STATEMENT
Edition statement Second edition
260 ## - PUBLICATION, DISTRIBUTION, ETC.
Place of publication, distribution, etc. Harlow
260 ## - PUBLICATION, DISTRIBUTION, ETC.
Name of publisher, distributor, etc. Pearson
260 ## - PUBLICATION, DISTRIBUTION, ETC.
Date of publication, distribution, etc. 2014
300 ## - PHYSICAL DESCRIPTION
Extent 303p. 23cm.
653 ## - INDEX TERM--UNCONTROLLED
Uncontrolled term Brilliant Graduate Career Handbook
653 ## - INDEX TERM--UNCONTROLLED
Uncontrolled term What you need to know and how to do it
942 ## - ADDED ENTRY ELEMENTS (KOHA)
Koha item type წიგნი
ეგზემპლარები
Withdrawn status Lost status Damaged status Not for loan Date acquired Barcode Date last seen Price effective from Koha item type
        2018-12-17 47280 2018-12-17 2018-12-17 წიგნი
        2018-12-17 47279 2018-12-17 2018-12-17 წიგნი